000 00717nam a2200217 a 4500
001 BRCA_905
005 20190320203211.0
008 031230s2005 sp-a---##b---#000-0#spa-#
020 _a8483715805
040 _aDLC
_cDLC
050 4 _aNK7162
_b.R58 2005
100 1 _aRivas Carmona, Jesús
_93002
245 1 0 _aEstudios de platería
_bSan Eloy 2005
_ccoordinador Jesús Rivas Carmona.
260 _aMurcia
_bUniversidad de Murcia, Servicio de Publicaciones
_c2005
300 _a551 p.
_bil. blanco y negro
_c24 cm.
650 1 4 _aTrabajos en plata
_zEspaña
_9167
650 1 4 _aOrfebrería
_zEspaña
_92930
650 1 4 _aPlatería religiosa
_zEspaña
_93003
650 1 4 _aPlateros
_xHistoria
_zEspaña
_93004
942 _2lcc
_cB
999 _c798
_d798